000 00501nam a22001697a 4500
005 20240103122016.0
010 _aENG-135799
020 _a9789390961153
_c750.00
035 _aEN-119331
037 _bDBAD/PUB
082 _a954
245 _aBharat:
_bIndia 2.0/
260 _aNew Delhi
_bVitasta Publishing Pvt. Ltd
_c2022
270 _a2/15 Ansari Road Daryaganj
_bNew Delhi
_e110002
_minfo@vitastapublishing.com
300 _axi, 396p.
_c22cm(pbk)
942 _2ddc
_cEN
_h954
_mDES
999 _c194173
_d194173